Представление документа в формате MARC21

ПолеНазваниеЗначение
  Тип записи a
  Библиографический уровень m
001 Контрольный номер RU\infra-m\znanium\bibl\2235054
005 Дата корректировки 20260429142219.8
008 Кодируемые данные 260421s2025 RU g rus u
020 Индекс ISBN __
a ISBN 978-5-9614-1914-6
040 Источник каталогиз. __
a Служба первич. каталог. Общество с ограниченной ответственностью «ЗНАНИУМ»
041 Код языка издания __
a Код языка текста rus
044 Код страны публикации __
a Код страны публикации RU
080 Индекс УДК __
a Индекс УДК 15
084 Индекс другой классификации/Индекс ББК __
2 Источник индекса rubbk
a Индекс другой классификации/Индекс ББК 884
084 Индекс другой классификации/Индекс ББК __
2 Источник индекса okso
a Индекс другой классификации/Индекс ББК 37.04.01
084 Индекс другой классификации/Индекс ББК __
2 Источник индекса okso
a Индекс другой классификации/Индекс ББК 37.04.02
084 Индекс другой классификации/Индекс ББК __
2 Источник индекса okso
a Индекс другой классификации/Индекс ББК 38.04.01
084 Индекс другой классификации/Индекс ББК __
2 Источник индекса okso
a Индекс другой классификации/Индекс ББК 38.04.02
084 Индекс другой классификации/Индекс ББК __
2 Источник индекса okso
a Индекс другой классификации/Индекс ББК 39.04.01
084 Индекс другой классификации/Индекс ББК __
2 Источник индекса okso
a Индекс другой классификации/Индекс ББК 41.04.04
100 Автор __
a Автор Бек Д.
q Полное имя Бек Дон Эдвард
245 Заглавие __
a Заглавие Спиральная динамика на практике: Модель развития личности, организации и человечества
b Продолж. заглавия Практическое пособие
250 Сведения об издании __
a Основные сведения об издании 1
260 Выходные данные __
a Место издания Москва
b Издательство ООО "Альпина Паблишер"
c Дата издания 2026
300 Физическое описание __
a Объем 384 с.
520 Аннотация __
a Аннотация Идея "бирюзовых" компаний как целостных эволюционирующих живых организаций захватила бизнес-сообщество. Существуют ли такие компании на самом деле и можно ли перенять их опыт? Как построить компанию нового типа - без традиционной иерархии и бюрократии эффективную и гибкую? Почему руководителям принципиально важно понимать какие ценности доминируют в человеке коллективе или обществе? На все эти вопросы отвечает спиральная динамика - модель эволюции ценностных систем. Она описывает инструменты которые помогут выйти за пределы старых авторитарных моделей лидерства и менеджмента. "Спиральная динамика на практике" - результат многолетней работы социопсихолога и геополитика Дона Бека и его коллег из разных стран. Здесь вы найдете примеры использования этой теории на микро- и макроуровнях: от решения конфликтов на предприятии до программы по стабилизации геополитической обстановки на Ближнем Востоке. Книга будет интересна руководителям и специалистам по организационному управлению а также политикам психологам и социологам.
521 Примеч. о цел. назн. __
a Примеч. о целев. назн. Дополнительное профессиональное образование
650 Тематические рубрики __
a Основная рубрика Управление (менеджмент)
x Основная подрубрика Психология и социология менеджмента
655 Указ. предметных рубрик (устаревшее) __
a Жанр/ форма (устаревшее) Практическое пособие
700 Другие авторы __
a Другие авторы Ларсен Т.
q Полное имя Ларсен Тедди Хебо
700 Другие авторы __
a Другие авторы Солонин С.
q Полное имя Солонин Сергей
856 Электронный адрес документа 4_
a Имя сервера/домена znanium.ru
m Помощь ebs_support@infra-m.ru
n Местонахождение сервера НИЦ ИНФРА-М
u URL https://znanium.ru/catalog/document?id=473440
856 Электронный адрес документа 48
a Имя сервера/домена znanium.ru
d Путь /cover/2235
f Электронное имя 2235054.jpg
q Тип электронного формата image/jpeg
u URL https://znanium.ru/cover/2235/2235054.jpg
911 __
u 0030=https://znanium.ru/catalog/document?id=473440